Design of equilibrium stage processes (Record no. 13251)

000 -LEADER
fixed length control field 00589nam a22002171 4500
001 - CONTROL NUMBER
control field 13251
003 - CONTROL NUMBER IDENTIFIER
control field BD-DhUET
008 - FIXED-LENGTH DATA ELEMENTS--GENERAL INFORMATION
fixed length control field 740517s1963 nyua b 000 0 eng
020 ## - INTERNATIONAL STANDARD BOOK NUMBER
International Standard Book Number 070586373
040 ## - CATALOGING SOURCE
Original cataloging agency DLC
Transcribing agency OAkU
Modifying agency BD-DhUET
082 ## - DEWEY DECIMAL CLASSIFICATION NUMBER
Classification number 660.28422
Item number SMI/1963
100 1# - MAIN ENTRY--PERSONAL NAME
Personal name Smith, Buford D.
245 10 - TITLE STATEMENT
Title Design of equilibrium stage processes
250 ## - EDITION STATEMENT
Edition statement 1st ed.
260 ## - PUBLICATION, DISTRIBUTION, ETC. (IMPRINT)
Place of publication, distribution, etc. New York
Name of publisher, distributor, etc. McGraw-Hill
Date of publication, distribution, etc. 1963
300 ## - PHYSICAL DESCRIPTION
Extent 647 p.
Other physical details ill.
Dimensions 24 cm.
490 ## - SERIES STATEMENT
Series statement McGraw-Hill chemical engineering series
504 ## - BIBLIOGRAPHY, ETC. NOTE
Bibliography, etc Includes bibliographies
650 #0 - SUBJECT ADDED ENTRY--TOPICAL TERM
Topical term or geographic name as entry element Chemical equilibrium
942 ## - ADDED ENTRY ELEMENTS (KOHA)
Koha item type General Book
Holdings
Koha full call number Source of classification or shelving scheme Koha item type Withdrawn status Shelving location Price effective from Koha date last seen Date acquired Damaged status Lost status Piece designation (barcode) Copy number Not for loan Location (home branch) Sublocation or collection (holding branch) Koha normalized classification for sorting
660.28422/SMI/1963 General Book Circulation section2015-03-022015-03-022015-03-02  349541 Central Library, BUETCentral Library, BUET660_284220000000000_SMI_1963
660.28422/SMI/1963 General Book Circulation section2015-03-032015-03-032015-03-03  298452 Central Library, BUETCentral Library, BUET660_284220000000000_SMI_1963
660.28422/SMI/1963 General Book Circulation section2015-03-032015-03-032015-03-03  298413 Central Library, BUETCentral Library, BUET660_284220000000000_SMI_1963
660.28422/SMI/1963 General Book Circulation section2015-03-032015-03-032015-03-03  298474 Central Library, BUETCentral Library, BUET660_284220000000000_SMI_1963
660.28422/SMI/1963 General Book Circulation section2015-03-032015-03-032015-03-03  298535 Central Library, BUETCentral Library, BUET660_284220000000000_SMI_1963
660.28422/SMI/1963 General Book Circulation section2015-03-032015-03-032015-03-03  298436 Central Library, BUETCentral Library, BUET660_284220000000000_SMI_1963
660.28422/SMI/1963 General Book Circulation section2015-03-032015-03-032015-03-03  298447 Central Library, BUETCentral Library, BUET660_284220000000000_SMI_1963
660.28422/SMI/1963 General Book Circulation section2015-03-032015-03-032015-03-03  298408 Central Library, BUETCentral Library, BUET660_284220000000000_SMI_1963
660.28422/SMI/1963 General Book Circulation section2015-03-032015-03-032015-03-03  349559 Central Library, BUETCentral Library, BUET660_284220000000000_SMI_1963
660.28422/SMI/1963 General Book Circulation section2015-05-112015-05-112015-05-11  1147710 Central Library, BUETCentral Library, BUET660_284220000000000_SMI_1963
660.28422/SMI/1963 General Book Circulation section2015-05-112015-05-112015-05-11  2984611 Central Library, BUETCentral Library, BUET660_284220000000000_SMI_1963
660.28422/SMI/1963 General Book Circulation section2015-05-112015-05-112015-05-11  3495312 Central Library, BUETCentral Library, BUET660_284220000000000_SMI_1963
660.28422/SMI/1963 General Book Circulation section2015-05-112015-05-112015-05-11  1883613 Central Library, BUETCentral Library, BUET660_284220000000000_SMI_1963
660.28422/SMI/1963 General Book Circulation section2015-05-112015-05-112015-05-11  2985414 Central Library, BUETCentral Library, BUET660_284220000000000_SMI_1963
660.28422/SMI/1963 General Book Circulation section2015-05-112015-05-112015-05-11  2985615 Central Library, BUETCentral Library, BUET660_284220000000000_SMI_1963
660.28422/SMI/1963 General Book Circulation section2015-05-192015-05-192015-05-19  2984816 Central Library, BUETCentral Library, BUET660_284220000000000_SMI_1963
660.28422/SMI/1963 Reading Item Reading section2015-06-182015-06-182015-06-18  644917 Central Library, BUETCentral Library, BUET660_284220000000000_SMI_1963